000 00244nam a22001217a 4500
008 170816b xxu||||| |||| 00| 0 eng d
041 _aeng
080 _a51
100 _a36
101 _aMATH
245 _aMATH 135
_cEWEN,D
942 _2udc
_cBK
999 _c23734
_d23734